Прикладная оптика: учебное пособие для вузов

Dades bibliogràfiques
Altres autors: Заказнов Н. П. Николай Петрович (редактор)
Sumari:На базе физической и геометрической оптики (ч. I и II) изложены основы теории и принципы действия ряда оптических и оптико-электронных систем и приборов (ч. III). Учебное пособие предназначено для студентов технических вузов, обучающихся по приборостроительным специальностям (компьютерные технологии в приборостроении, конструирование и производство измерительных приборов, цифровые и микропроцессорные приборы и системы и др.), которым читается курс прикладной оптики.
Idioma:rus
Publicat: Санкт-Петербург, Лань, 2016
Edició:2-е изд., стер.
Col·lecció:Учебник для вузов. Специальная литература
Matèries:
Format: MixedMaterials Llibre
KOHA link:https://koha.lib.tpu.ru/cgi-bin/koha/opac-detail.pl?biblionumber=314058

MARC

LEADER 00000nam0a2200000 4500
001 314058
005 20231102002635.0
010 |a 9785811407576 
035 |a (RuTPU)RU\TPU\book\339468 
035 |a RU\TPU\book\132117 
090 |a 314058 
100 |a 20070925d2016 m y0rusy50 ca 
101 0 |a rus 
102 |a RU 
105 |a a j 001zy 
200 1 |a Прикладная оптика  |e учебное пособие для вузов  |f под ред. Н. П. Заказнова 
205 |a 2-е изд., стер. 
210 |a Санкт-Петербург  |c Лань  |d 2016 
215 |a 312 с.  |c ил. 
225 1 |a Учебник для вузов. Специальная литература 
320 |a Список литературы: с. 300-301. 
320 |a Предметный указатель: с. 302-308. 
320 |a Именной указатель: с. 309. 
330 |a На базе физической и геометрической оптики (ч. I и II) изложены основы теории и принципы действия ряда оптических и оптико-электронных систем и приборов (ч. III). Учебное пособие предназначено для студентов технических вузов, обучающихся по приборостроительным специальностям (компьютерные технологии в приборостроении, конструирование и производство измерительных приборов, цифровые и микропроцессорные приборы и системы и др.), которым читается курс прикладной оптики. 
451 1 |0 (RuTPU)RU\TPU\book\109455  |y 5-217-00073-2  |t Прикладная оптика  |o учебное пособие   |f под ред. Н. П. Заказнова  |c М.  |n Машиностроение  |d 1988  |p 311,[1] с. 
606 1 |a Оптика прикладная  |x Физика  |2 stltpush  |3 (RuTPU)RU\TPU\subj\47151  |9 66211 
606 1 |a Прикладная оптика  |x Оптическое приборостроение  |2 stltpush  |3 (RuTPU)RU\TPU\subj\51671  |9 70244 
610 1 |a физика 
610 1 |a физическая оптика 
610 1 |a свет 
610 1 |a фотометрия 
610 1 |a оптическое излучение 
610 1 |a интерференция 
610 1 |a дифракция 
610 1 |a голография 
610 1 |a геометрическая оптика 
610 1 |a идеальные оптические системы 
610 1 |a пучки лучей 
610 1 |a аберрации 
610 1 |a оптические приборы 
610 1 |a оптические системы 
610 1 |a оптические детали 
610 1 |a глаза 
610 1 |a телескопические системы 
610 1 |a лупы 
610 1 |a микроскопы 
610 1 |a фотографические объективы 
610 1 |a осветительные системы 
610 1 |a проекционные системы 
610 1 |a лазеры 
610 1 |a фотоэлектрические оптические системы 
610 1 |a контрольно-юстировочные приборы 
610 1 |a измерительные приборы 
610 1 |a учебные пособия 
675 |a 535.8(075.8)  |v 3 
675 |a 681.7(075.8)  |v 3 
702 1 |a Заказнов  |b Н. П.  |g Николай Петрович  |4 340 
801 1 |a RU  |b 63413507  |c 20160208 
801 2 |a RU  |b 63413507  |c 20160405  |g RCR 
900 |a Прикладная оптика 
942 |c BK 
951 |l 8 
959 |a 17/20160208  |d 5  |e 557,48  |f ЧЗТЛ:1  |f УФ:4